Comparison of green mustard variities under raining season condition on crop station of royal university of agriculture, ប្រៀបធៀបពូជដំណាំស្ពៃខៀវក្នុងលក្ខខណ្ឌដើមរដូវវស្សា នៅស្ថានីយ៍ពិសោធន៍ដំណាំនៃសាកលវិ៍ទ្យាល័យភូមិន្ទកសិកម្ម (Record no. 1601)

000 -LEADER
fixed length control field 00784nam a22001577a 4500
003 - CONTROL NUMBER IDENTIFIER
control field OSt
005 - DATE AND TIME OF LATEST TRANSACTION
control field 20151001155236.0
008 - FIXED-LENGTH DATA ELEMENTS--GENERAL INFORMATION
fixed length control field 151001b xxu||||| |||| 00| 0 eng d
040 ## - CATALOGING SOURCE
Transcribing agency RUA
082 ## - DEWEY DECIMAL CLASSIFICATION NUMBER
Classification number AGR LON 2012 B050 Or.1
100 ## - MAIN ENTRY--PERSONAL NAME
9 (RLIN) 1698
Personal name LONG, MAKARA
245 ## - TITLE STATEMENT
Title Comparison of green mustard variities under raining season condition on crop station of royal university of agriculture, ប្រៀបធៀបពូជដំណាំស្ពៃខៀវក្នុងលក្ខខណ្ឌដើមរដូវវស្សា នៅស្ថានីយ៍ពិសោធន៍ដំណាំនៃសាកលវិ៍ទ្យាល័យភូមិន្ទកសិកម្ម
260 ## - PUBLICATION, DISTRIBUTION, ETC. (IMPRINT)
Place of publication, distribution, etc. Phnom Penh
Name of publisher, distributor, etc. RUA
Date of publication, distribution, etc. 2012
300 ## - PHYSICAL DESCRIPTION
Extent v; 40p.
Other physical details ill.
Dimensions 29cm.
942 ## - ADDED ENTRY ELEMENTS (KOHA)
Source of classification or shelving scheme
Koha item type AGR
Holdings
Price effective from Date last seen Permanent Location Not for loan Date acquired Source of classification or shelving scheme Koha item type Lost status Withdrawn status Date last checked out Total Checkouts Shelving location Damaged status Barcode Current Location Full call number
2015-10-012024-07-02Library Block B 2015-10-01 AGR  2024-06-262B050 RUA000302Library Block BAGR LON 2012 B050 Or.1
2015-10-012022-02-07Library Block B 2015-10-01 AGR  2022-01-244B050 RUA000230Library Block BAGR LON 2012 B050 Or.2
2015-11-052020-11-06Library Block B 2015-11-05 AGR  2020-10-125  RUA037145Library Block BAGR LON 2012 B050 Or.3
មជ្ឈមណ្ឌលឯការនៃសាកលវិទ្យាល័យភូមិន្ទកសិកម្មចំការដូង

Powered by Koha